000 00888nam a22002897a 4500
003 DO-SdBPM
005 20250710140210.0
007 ta
008 161214b 1992 sp| |||| 00| 0 spa d
020 _a847969310X
040 _aDO-SdBPM
_bspa
_cBPMSU
_erda
082 4 _a862.3
_bV422p 1992
_222
100 1 _aVega, Lope de,
_d1562-1635
_eautor.
245 1 0 _aPeribáñez y el comendador de Ocaña /
_cLope de Vega ; editor Germán Sánchez Ruipérez
260 _c.
264 _aAltamira, España :
_bAnaya,
_c1992
300 _a94 páginas :
_c19 cm.
336 _atexto
_btxt
_2rdacontent
337 _asin mediación
_bn
_2rdamedia
338 _avolumen
_bnc
_2rdacarrier
490 0 _aBiblioteca de el sol
590 _aInventariado, 2025/VM
650 7 _aTeatro español.
650 7 _aDrama español
910 _aVMateo V. Control de calidad. BPMSU
942 _2ddc
_cBK
999 _c12426
_d12426